[Event "Championnat de la Loire Open 2007-2008"]
[Site "Loire"]
[Date "2008.01.12"]
[Round "1.1"]
[White "Bednar, Emile"]
[Black "Chambosse, Alexis"]
[Result "1-0"]
[WhiteElo "1860"]
[BlackElo "1440"]
[PlyCount "31"]

1. e4 e5 2. f4 exf4 3. Nf3 d6 4. Bc4 h6 5. d4 Nf6 6. Nc3 b6 7. Bxf4 Be7 8. Qd3
Nc6 9. O-O-O O-O 10. h3 Qd7 11. g4 Nxg4 12. hxg4 Qxg4 13. Bxh6 Qd7 14. Bxg7 Rd8
15. e5 dxe5 16. Qh7# 1-0

[Event "Championnat de la Loire Open 2007-2008"]
[Site "Loire"]
[Date "2008.01.12"]
[Round "1.2"]
[White "Rogues, Jean-Luc"]
[Black "Furnon, Yannick"]
[Result "0-1"]
[WhiteElo "1390"]
[BlackElo "1650"]
[PlyCount "33"]

1. e4 c6 2. Nf3 d5 3. e5 Bg4 4. d4 e6 5. Bf4 Ne7 6. Nbd2 Ng6 7. Bg3 Qb6 8. Nb3
Nd7 9. Be2 Be7 10. O-O O-O 11. c3 c5 12. dxc5 Nxc5 13. Nfd4 Bxe2 14. Qxe2 Ne4
15. Qd3 a6 16. f4 Nc5 17. Kh1 0-1

[Event "Championnat de la Loire Open 2007-2008"]
[Site "Loire"]
[Date "2008.01.12"]
[Round "1.3"]
[White "Joly, Christian"]
[Black "Martin, Julien"]
[Result "0-1"]
[WhiteElo "1610"]
[BlackElo "1380"]
[PlyCount "82"]

1. e4 e5 2. Nf3 d6 3. d4 Nd7 4. Bb5 c6 5. Be2 Ngf6 6. Nbd2 Be7 7. c4 Qa5 8. O-O
exd4 9. Nxd4 Ne5 10. Nf5 Bxf5 11. Nb3 Qc7 12. exf5 Rd8 13. Re1 d5 14. c5 a5 15.
Bd2 Ra8 16. a4 Nc4 17. Bxc4 dxc4 18. Nd4 O-O 19. b4 axb4 20. Bxb4 Nd5 21. Ba3
Rfe8 22. Qc2 Bf6 23. Bb2 Qa5 24. Nf3 Bxb2 25. Qxb2 c3 26. Qc2 Qxc5 27. Ne5 Nf6
28. Nd3 Qxf5 29. Qxc3 Ne4 30. Qb2 Rad8 31. Rad1 c5 32. f3 Ng5 33. Rxe8+ Rxe8
34. Qb5 Qe6 35. Nf4 Qe3+ 36. Kf1 Kf8 37. Nd5 Qe6 38. Qxc5+ Kg8 39. Nc7 Qe2+ 40.
Kg1 Qxd1+ 41. Kf2 Qe2+ 0-1

[Event "Championnat de la Loire Open 2007-2008"]
[Site "Loire"]
[Date "2008.01.12"]
[Round "1.4"]
[White "Brachet, Gerard"]
[Black "Gregoire, Patrick"]
[Result "0-1"]
[WhiteElo "1370"]
[BlackElo "1590"]
[PlyCount "64"]

1. e4 e6 2. d4 d5 3. e5 c5 4. Nf3 Qb6 5. b3 Nc6 6. Be3 Bd7 7. c3 cxd4 8. cxd4
Bb4+ 9. Bd2 Rc8 10. Nc3 Nxd4 11. a3 Bxc3 12. Bxc3 Nb5 13. Bd2 Ne7 14. Be3 Qc7
15. Bxb5 Bxb5 16. Rc1 Qa5+ 17. b4 Qxa3 18. Rxc8+ Nxc8 19. Qb1 Bd3 20. Bc1 Qc3+
21. Bd2 Qc4 22. Qc1 Qe4+ 23. Be3 Bc4 24. Qd2 Qb1+ 25. Qc1 Qxb4+ 26. Bd2 Qb3 27.
Qc3 Qb1+ 28. Bc1 Qe4+ 29. Qe3 Qb1 30. Kd2 Qa2+ 31. Ke1 O-O 32. Qa3 Qe2# 0-1

[Event "Championnat de la Loire Open 2007-2008"]
[Site "Loire"]
[Date "2008.01.12"]
[Round "1.5"]
[White "Chabas, Jean-Luc"]
[Black "Mialon, Franck"]
[Result "1-0"]
[WhiteElo "1580"]
[BlackElo "1370"]
[PlyCount "65"]

1. e4 e5 2. Nf3 Nc6 3. Bb5 a6 4. Ba4 f5 5. d3 fxe4 6. dxe4 Nf6 7. O-O Bd6 8.
Re1 O-O 9. c3 Bc5 10. h3 d6 11. Nbd2 Bd7 12. b4 Ba7 13. Bb2 Qc8 14. Qe2 h6 15.
a3 Bxh3 16. gxh3 Qxh3 17. Qf1 Qg3+ 18. Kh1 Bxf2 19. Re2 Ng4 20. Qg2 Qf4 21.
Bb3+ Kh8 22. Be6 h5 23. Bxg4 hxg4 24. Rxf2 g3 25. Rff1 Rf6 26. Rae1 Raf8 27.
Bc1 Qh6+ 28. Kg1 Qh7 29. Nb3 Rg6 30. Ng5 Rxf1+ 31. Rxf1 Qh2+ 32. Qxh2+ gxh2+
33. Kxh2 1-0

[Event "Championnat de la Loire Open 2007-2008"]
[Site "Loire"]
[Date "2008.01.12"]
[Round "1.6"]
[White "Daillere, Roland"]
[Black "Goudet, Maxence"]
[Result "1-0"]
[WhiteElo "1280"]
[BlackElo "1560"]
[PlyCount "97"]

1. e4 e5 2. f4 d6 3. Bc4 Nf6 4. Nc3 c6 5. Nf3 Bg4 6. h3 Bxf3 7. Qxf3 Nbd7 8. f5
Qb6 9. b3 Be7 10. Bb2 Qd4 11. O-O-O Nb6 12. Nd5 Qxe4 13. Qxe4 Nxe4 14. Nc7+ Kd7
15. Nxa8 Nf2 16. Nxb6+ axb6 17. Rhf1 Nxd1 18. Kxd1 d5 19. Be2 Bd6 20. g4 b5 21.
g5 Ra8 22. f6 g6 23. Bg4+ Kc7 24. d3 Rxa2 25. Bc3 d4 26. Bd2 Ra1+ 27. Ke2 Ra2
28. Rc1 Ba3 29. Rd1 Rxc2 30. h4 Rb2 31. h5 Kd6 32. Kf3 Rxb3 33. Ke4 Bb4 34.
Bxb4+ Rxb4 35. hxg6 hxg6 36. Rh1 Ra4 37. Rh7 Ra8 38. Rxf7 c5 39. Rxb7 Kc6 40.
Rg7 b4 41. Bd1 Kd6 42. Bb3 Rb8 43. Rxg6 Rh8 44. f7+ Ke7 45. Rg8 Rh4+ 46. Kf5
Rf4+ 47. Kxe5 Rxf7 48. Bxf7 Kxf7 49. Rb8 1-0

[Event "Championnat de la Loire Open 2007-2008"]
[Site "Loire"]
[Date "2008.01.12"]
[Round "1.7"]
[White "Megnot, Philippe"]
[Black "Masson, Guillaume"]
[Result "1-0"]
[WhiteElo "1550"]
[BlackElo "1270"]
[PlyCount "77"]

1. e4 c6 2. d4 d5 3. e5 Bf5 4. Nf3 e6 5. a3 c5 6. c3 Nc6 7. Bb5 Qb6 8. Ba4 Nge7
9. b4 c4 10. O-O Ng6 11. Bg5 Be7 12. Bc2 Bxc2 13. Qxc2 h6 14. Be3 Qd8 15. h3
Bg5 16. a4 a6 17. Na3 Bxe3 18. fxe3 Nge7 19. Nh2 Nf5 20. Qf2 Rf8 21. Nb1 f6 22.
Ng4 fxe5 23. dxe5 Kd7 24. Nd2 h5 25. Nh2 Nxe5 26. Ndf3 Nh4 27. Qg3 Nhxf3+ 28.
Nxf3 Nxf3+ 29. Rxf3 Qe7 30. Rd1 e5 31. e4 Kc6 32. Rxd5 Rxf3 33. Qxf3 b5 34. a5
Qg5 35. Kh2 g6 36. Qf2 h4 37. Qc5+ Kb7 38. Rd7+ Kb8 39. Qc7# 1-0

[Event "Championnat de la Loire Open 2007-2008"]
[Site "Loire"]
[Date "2008.01.12"]
[Round "1.8"]
[White "Schlick, Paul"]
[Black "Trottet, Francois"]
[Result "1-0"]
[WhiteElo "1200"]
[BlackElo "1550"]
[PlyCount "89"]

1. d4 Nf6 2. c4 e6 3. a3 d5 4. e3 c5 5. Nc3 Nc6 6. Nf3 a6 7. b3 Qa5 8. Bb2 cxd4
9. Nxd4 Ne4 10. Qd3 Ne5 11. Qe2 Nxc3 12. Bxc3 Qd8 13. Nxe6 Bxe6 14. Bxe5 Rc8
15. Qa2 f6 16. Bd4 Be7 17. Bd3 O-O 18. Rc1 Kh8 19. Rc2 b6 20. O-O a5 21. a4 Bb4
22. Rcc1 Bc5 23. Qa1 Qe7 24. cxd5 Bxd5 25. Qa2 Qb7 26. Be2 Qf7 27. Bc4 Qb7 28.
Bxd5 Qxd5 29. Bxc5 Rxc5 30. Rxc5 bxc5 31. Qb1 Rb8 32. Rd1 Qg8 33. Rc1 Qd5 34.
Rd1 Qe6 35. Qd3 h6 36. h3 Rxb3 37. Qd8+ Kh7 38. Qxa5 c4 39. Rc1 Rxe3 40. Qd2
Ra3 41. Kf1 Qc6 42. Qb2 g6 43. a5 Qa8 44. Qc3 Rxa5 45. Qxc4 1-0

[Event "Championnat de la Loire Open 2007-2008"]
[Site "Loire"]
[Date "2008.01.12"]
[Round "1.9"]
[White "Perez, Christian"]
[Black "Bader, Gaetan"]
[Result "1-0"]
[WhiteElo "1520"]
[BlackElo "1199"]
[PlyCount "93"]

1. e4 e5 2. Nf3 Nc6 3. Bb5 Nf6 4. Nc3 Bd6 5. d3 a6 6. Ba4 O-O 7. a3 Qe7 8. O-O
Rb8 9. Bg5 h6 10. Bh4 b5 11. Bb3 Bc5 12. Nd5 Nxd5 13. Bxe7 Ndxe7 14. c3 d6 15.
Qd2 Bg4 16. Bd1 a5 17. h3 Bh5 18. g4 Bg6 19. Nh4 Bh7 20. g5 hxg5 21. Qxg5 f6
22. Qg3 b4 23. Bg4 Rf7 24. Be6 Rbf8 25. Bxf7+ Rxf7 26. axb4 Bb6 27. bxa5 Nxa5
28. b4 Nb3 29. Ra3 Nd2 30. Rd1 Nxe4 31. dxe4 Rf8 32. Rda1 Bxe4 33. Ra8 Rxa8 34.
Rxa8+ Kf7 35. Kh2 Nf5 36. Nxf5 Bxf5 37. Ra1 c5 38. bxc5 dxc5 39. Rg1 Ke6 40.
Qxg7 e4 41. Qg8+ Kd7 42. Qd5+ Kc7 43. Qxf5 c4 44. Rg7+ Kc6 45. Qxf6+ Kb5 46.
Rb7 Ka4 47. Rxb6 1-0

[Event "Championnat de la Loire Open 2007-2008"]
[Site "Loire"]
[Date "2008.01.12"]
[Round "1.10"]
[White "Swietlicki, Jordan"]
[Black "Carrot, Axel"]
[Result "0-1"]
[WhiteElo "1199"]
[BlackElo "1500"]
[PlyCount "110"]

1. e4 e5 2. d3 Bc5 3. Nf3 Nc6 4. Be2 d6 5. Nc3 Nf6 6. O-O O-O 7. a3 Bg4 8. h3
Bh5 9. b4 Bb6 10. Nd5 Nxd5 11. exd5 Nd4 12. c3 Nxe2+ 13. Qxe2 Qf6 14. g4 Bg6
15. Bg5 Bxd3 16. Qxd3 Qg6 17. Rad1 e4 18. Qc2 exf3 19. Qxg6 fxg6 20. Rd3 Rae8
21. Be3 Bxe3 22. fxe3 Rf6 23. g5 Rf5 24. Kh2 Rxg5 25. Rxf3 Ree5 26. Rd2 Rxd5
27. Rdf2 Rgf5 28. e4 Rxf3 29. Rxf3 Rd2+ 30. Kg3 Ra2 31. c4 Rb2 32. c5 Rd2 33.
a4 Rd4 34. cxd6 cxd6 35. Re3 Rxb4 36. a5 Ra4 37. e5 dxe5 38. Rxe5 Kf7 39. Rb5
Kf6 40. Rxb7 Rxa5 41. Kg4 Ra4+ 42. Kg3 Ra3+ 43. Kf4 Rxh3 44. Rxa7 Rh4+ 45. Kg3
Re4 46. Ra6+ Re6 47. Ra3 g5 48. Ra5 h6 49. Kg4 Re4+ 50. Kf3 Re5 51. Rxe5 Kxe5
52. Kg4 Ke4 53. Kh5 Kf4 54. Kg6 g4 55. Kh5 g3 0-1

[Event "Championnat de la Loire Open 2007-2008"]
[Site "Loire"]
[Date "2008.01.12"]
[Round "1.11"]
[White "Paratcha, Yohan"]
[Black "Choquelle, Jean"]
[Result "1-0"]
[WhiteElo "1500"]
[BlackElo "1180"]
[PlyCount "60"]

1. e4 Nc6 2. Nf3 d6 3. d4 Nf6 4. Nc3 Bg4 5. Be2 Qd7 6. O-O Qe6 7. d5 Nxd5 8.
exd5 Qd7 9. dxc6 Qxc6 10. Bb5 Bd7 11. Bxc6 Bxc6 12. Nd5 Rc8 13. Re1 h6 14. b3
e6 15. Nb4 Bd7 16. Bb2 Rg8 17. Re3 Be7 18. Bd4 a5 19. Nd3 d5 20. Bc3 b6 21. Nf4
g5 22. Nh5 Bf8 23. Nf6+ Kd8 24. Nxg8 Bc6 25. h3 Kd7 26. Qd2 Kd8 27. Rd1 Ra8 28.
Nf6 Be7 29. Nh7 Bf6 30. Bxf6+ Kc8 1-0

[Event "Championnat de la Loire Open 2007-2008"]
[Site "Loire"]
[Date "2008.01.12"]
[Round "1.12"]
[White "Geraci, Georges"]
[Black "Volay, Pascal"]
[Result "1-0"]
[WhiteElo "1110"]
[BlackElo "1450"]
[PlyCount "90"]

1. d4 d5 2. c4 c6 3. e3 Nf6 4. Nc3 e6 5. Nf3 Bb4 6. Bd2 Bxc3 7. bxc3 Ne4 8. Bd3
Nxd2 9. Qxd2 dxc4 10. Bxc4 b5 11. Bb3 Nd7 12. Qe2 O-O 13. Bc2 Re8 14. O-O Bb7
15. h4 h6 16. Qd3 Nf6 17. Ne5 a6 18. f3 Qd6 19. g4 Kf8 20. Rf2 Nd7 21. f4 Nxe5
22. fxe5 Qe7 23. Rff1 Rac8 24. Qh7 f6 25. h5 Qf7 26. Bg6 Qg8 27. exf6 Qxh7 28.
Bxh7 gxf6 29. Rxf6+ Ke7 30. Rf7+ Kd6 31. Rxb7 Re7 32. Rxe7 Kxe7 33. Bg6 c5 34.
Rd1 cxd4 35. cxd4 Rc3 36. e4 Rg3+ 37. Kf2 Rxg4 38. Kf3 Rh4 39. Kg3 Rxh5 40.
Bxh5 Kd6 41. Bg6 a5 42. Bf7 b4 43. Rd3 e5 44. Bb3 exd4 45. Rxd4+ Ke5 1-0

[Event "Championnat de la Loire Open 2007-2008"]
[Site "Loire"]
[Date "2008.01.12"]
[Round "2.1"]
[White "Carrot, Axel"]
[Black "Bednar, Emile"]
[Result "1/2-1/2"]
[WhiteElo "1500"]
[BlackElo "1860"]
[PlyCount "80"]

1. e4 Nc6 2. Nf3 e5 3. d4 exd4 4. Nxd4 Bc5 5. Nf3 d6 6. Bc4 Bg4 7. Qd3 Bxf3 8.
Qxf3 Ne5 9. Qe2 h6 10. Nd2 Qf6 11. Nf1 g5 12. Be3 Bb6 13. Bxb6 axb6 14. Ne3 Ne7
15. c3 c6 16. Ng4 Qf4 17. Nxe5 Qxe5 18. Qf3 d5 19. Bd3 Ng6 20. Kd2 d4 21. cxd4
Qxd4 22. b3 Ne5 23. Qe3 Qb2+ 24. Bc2 O-O-O+ 25. Ke1 Qxa1+ 26. Ke2 Qc3 27. Qxc3
f6 28. Rd1 Kc7 29. Rxd8 Rxd8 30. Qh3 Ng6 31. g3 Ne5 32. Qxh6 Rd6 33. Qh7+ Rd7
34. Qh8 Rd6 35. f4 gxf4 36. gxf4 Nd7 37. e5 fxe5 38. fxe5 Re6 39. Kf3 Rxe5 40.
Qh7 Kd8 1/2-1/2

[Event "Championnat de la Loire Open 2007-2008"]
[Site "Loire"]
[Date "2008.01.12"]
[Round "2.2"]
[White "Furnon, Yannick"]
[Black "Paratcha, Yohan"]
[Result "1-0"]
[WhiteElo "1650"]
[BlackElo "1500"]
[PlyCount "75"]

1. d4 c6 2. Nf3 d5 3. Bg5 Qb6 4. Qc1 Bg4 5. Nbd2 e6 6. e3 Bd6 7. Bd3 Ne7 8. c3
O-O 9. O-O Nd7 10. e4 f6 11. Be3 Rac8 12. Ne1 e5 13. dxe5 Bc5 14. Bxc5 Nxc5 15.
Qc2 fxe5 16. exd5 Nxd3 17. Qxd3 cxd5 18. Nb3 Rcd8 19. Nc2 Bf5 20. Qd2 Bxc2 21.
Qxc2 d4 22. cxd4 exd4 23. Rad1 Nc6 24. Qc4+ Kh8 25. Rd2 Rd6 26. Qc5 Qxc5 27.
Nxc5 Rb8 28. Re1 b6 29. Nd3 h6 30. Rc1 Na5 31. Rdc2 Kh7 32. Rc7 a6 33. Kf1 Nb7
34. Rf7 Re6 35. Rcc7 Nc5 36. Rxg7+ Kh8 37. Nf4 Re4 38. Ng6# 1-0

[Event "Championnat de la Loire Open 2007-2008"]
[Site "Loire"]
[Date "2008.01.12"]
[Round "2.3"]
[White "Gregoire, Patrick"]
[Black "Daillere, Roland"]
[Result "1-0"]
[WhiteElo "1590"]
[BlackElo "1280"]
[PlyCount "29"]

1. e4 e5 2. Nf3 Nc6 3. Bc4 h6 4. d4 exd4 5. Nxd4 Nxd4 6. Qxd4 b6 7. Qd5 Qf6 8.
Qxa8 Ne7 9. Nc3 g6 10. Nd5 Nxd5 11. Qxc8+ Qd8 12. Qxd8+ Kxd8 13. Bxd5 f6 14. b3
c6 15. Bf7 1-0

[Event "Championnat de la Loire Open 2007-2008"]
[Site "Loire"]
[Date "2008.01.12"]
[Round "2.4"]
[White "Martin, Julien"]
[Black "Chabas, Jean-Luc"]
[Result "1-0"]
[WhiteElo "1380"]
[BlackElo "1580"]
[PlyCount "103"]

1. e4 c6 2. Nf3 d5 3. exd5 cxd5 4. d4 Bf5 5. Bd3 Bxd3 6. Qxd3 Nf6 7. O-O e6 8.
Qb5+ Qd7 9. Qb3 Be7 10. Ne5 Qc7 11. Bf4 Qb6 12. Qxb6 axb6 13. Nc3 O-O 14. Nd3
Nc6 15. Ne2 Rac8 16. c3 Rfd8 17. a4 h6 18. Ne5 Bd6 19. Nxc6 bxc6 20. Bxd6 Rxd6
21. h3 Rdd8 22. b3 c5 23. dxc5 Rxc5 24. Rfe1 Rdc8 25. b4 Rc4 26. a5 bxa5 27.
bxa5 Ne4 28. a6 Ra8 29. Reb1 Rc6 30. a7 Rxa7 31. Rxa7 Nxc3 32. Nxc3 Rxc3 33.
Rb8+ Kh7 34. Rbb7 d4 35. Rxf7 Kg6 36. Rxg7+ Kf6 37. Kf1 d3 38. Ke1 Ke5 39. Kd2
Rb3 40. Ra4 Kd5 41. Rd7+ Ke5 42. Rxd3 Rb6 43. Ra5+ Kf6 44. Rf3+ Ke7 45. Kd3 Rc6
46. Kd4 Rd6+ 47. Ke5 Rb6 48. Rf6 Rb2 49. Rxe6+ Kd7 50. Ra7+ Kd8 51. Rxh6 Re2+
52. Kf4 1-0

[Event "Championnat de la Loire Open 2007-2008"]
[Site "Loire"]
[Date "2008.01.12"]
[Round "2.5"]
[White "Schlick, Paul"]
[Black "Megnot, Philippe"]
[Result "0-1"]
[WhiteElo "1200"]
[BlackElo "1550"]
[PlyCount "62"]

1. d4 e6 2. c4 Nf6 3. a3 d5 4. e3 a6 5. Nc3 Be7 6. Nf3 Nbd7 7. Qb3 c6 8. Bd3
Nb6 9. c5 Nbd7 10. Na4 O-O 11. Nb6 Nxb6 12. cxb6 Nd7 13. Qc2 Qxb6 14. Bxh7+ Kh8
15. Bd3 c5 16. dxc5 Nxc5 17. Be2 Bf6 18. Rb1 Bd7 19. b3 Rac8 20. Qa2 Ne4 21.
Bb2 Rc2 22. Bd3 Rxf2 23. Nd4 Rxg2 24. Bxe4 dxe4 25. Kf1 Rd2 26. Qa1 e5 27. Bc3
Rd3 28. Nc2 Rc8 29. Bb4 Rxc2 30. Rb2 Bh3+ 31. Ke1 Qxe3# 0-1

[Event "Championnat de la Loire Open 2007-2008"]
[Site "Loire"]
[Date "2008.01.12"]
[Round "2.6"]
[White "Geraci, Georges"]
[Black "Perez, Christian"]
[Result "0-1"]
[WhiteElo "1110"]
[BlackElo "1520"]
[PlyCount "52"]

1. d4 d5 2. e3 Nf6 3. g3 e6 4. Bg2 b6 5. c4 Bb7 6. a3 Be7 7. Nc3 O-O 8. Bd2 c5
9. Qb3 cxd4 10. exd4 Nc6 11. Nce2 dxc4 12. Qxc4 Rc8 13. Rc1 Nxd4 14. Qxd4 Rxc1+
15. Bxc1 Qxd4 16. Nxd4 Bxg2 17. Ke2 Bxh1 18. f3 Bc5 19. Kd3 Rd8 20. Be3 e5 21.
b4 Bxd4 22. Ne2 Bxe3+ 23. Kxe3 Rd1 24. Kf2 Ra1 25. Nc3 Bxf3 26. Kxf3 Rxa3 0-1

[Event "Championnat de la Loire Open 2007-2008"]
[Site "Loire"]
[Date "2008.01.12"]
[Round "2.7"]
[White "Mialon, Franck"]
[Black "Joly, Christian"]
[Result "0-1"]
[WhiteElo "1370"]
[BlackElo "1610"]
[PlyCount "54"]

1. e4 d6 2. d4 Nf6 3. Nc3 g6 4. Bc4 c6 5. Nf3 b5 6. Bb3 b4 7. Ng5 e6 8. Ne2 Bg7
9. O-O h6 10. Nf3 Nxe4 11. Qd3 d5 12. Ng3 Ba6 13. c4 bxc3 14. Qd1 Bxf1 15. Qxf1
Nxg3 16. fxg3 cxb2 17. Bxb2 O-O 18. Bc2 c5 19. Bb3 c4 20. Bc2 Nc6 21. Qc1 Kh7
22. h4 Nb4 23. Kf2 Nxc2 24. Qxc2 Qc7 25. Rh1 Rab8 26. Bc1 c3 27. Qd1 c2 0-1

[Event "Championnat de la Loire Open 2007-2008"]
[Site "Loire"]
[Date "2008.01.12"]
[Round "2.8"]
[White "Goudet, Maxence"]
[Black "Brachet, Gerard"]
[Result "0-1"]
[WhiteElo "1560"]
[BlackElo "1370"]
[PlyCount "76"]

1. e4 e5 2. Nf3 Nc6 3. Bb5 Nd4 4. Nxd4 exd4 5. c3 a6 6. Bc4 Bc5 7. Qf3 Qe7 8.
d3 h6 9. Bd2 c6 10. O-O Nf6 11. cxd4 Bxd4 12. Bc3 Bxc3 13. Nxc3 b5 14. Bb3 O-O
15. Rad1 d6 16. h3 Be6 17. Bxe6 fxe6 18. Qe3 Rad8 19. Qb6 c5 20. Qxa6 b4 21.
Nb1 Ra8 22. Qc4 d5 23. exd5 Nxd5 24. Rfe1 Nf4 25. Re4 Qf6 26. Rde1 Rae8 27. b3
Kh7 28. g3 Nxh3+ 29. Kg2 Nxf2 30. Rf4 Qb2 31. Kf1 Rxf4 32. Qxf4 Nh3 33. Qf3 Kg8
34. Re2 Qxb1+ 35. Kg2 Ng5 36. Qg4 Rf8 37. Rf2 Rxf2+ 38. Kxf2 Qb2+ 0-1

[Event "Championnat de la Loire Open 2007-2008"]
[Site "Loire"]
[Date "2008.01.12"]
[Round "2.9"]
[White "Trottet, Francois"]
[Black "Masson, Guillaume"]
[Result "1-0"]
[WhiteElo "1550"]
[BlackElo "1270"]
[PlyCount "51"]

1. e4 c6 2. d4 d5 3. Nc3 dxe4 4. Nxe4 Bf5 5. Ng3 Bg6 6. h4 Nf6 7. h5 Be4 8.
Nxe4 Nxe4 9. Nf3 e6 10. Qd3 Nf6 11. Ne5 Nbd7 12. Bf4 Nxe5 13. Bxe5 Bd6 14. Qg3
O-O 15. h6 g6 16. Bd3 Bxe5 17. dxe5 Nd5 18. O-O-O Qb6 19. Rh5 Rad8 20. Rg5 Nb4
21. Kb1 Rd7 22. Qf3 Rfd8 23. Qf6 Kf8 24. Rxg6 Nxd3 25. Rg8+ Kxg8 26. Qg7# 1-0

[Event "Championnat de la Loire Open 2007-2008"]
[Site "Loire"]
[Date "2008.01.12"]
[Round "2.10"]
[White "Volay, Pascal"]
[Black "Bader, Gaetan"]
[Result "1-0"]
[WhiteElo "1450"]
[BlackElo "1199"]
[PlyCount "77"]

1. e4 e5 2. Nf3 Nc6 3. Bb5 Bd6 4. Nc3 Nf6 5. Bxc6 dxc6 6. d4 Bb4 7. Bg5 Be7 8.
dxe5 Qxd1+ 9. Rxd1 O-O 10. exf6 Bxf6 11. Bxf6 gxf6 12. O-O Bg4 13. Rd3 c5 14.
h3 Bh5 15. b3 b5 16. Nxb5 c6 17. Nc3 a5 18. Na4 Bg6 19. Nxc5 a4 20. bxa4 Rab8
21. Rb3 Ra8 22. Nh4 Bh5 23. g4 Ra5 24. Rc3 Bg6 25. Nxg6 fxg6 26. Rd1 f5 27.
exf5 gxf5 28. gxf5 Rxf5 29. Rg3+ Kf8 30. Rd8+ Ke7 31. Rd7+ Kf6 32. Ne4+ Ke5 33.
Re7+ Kd5 34. Rd3+ Kc4 35. Nd6+ Kb4 36. Nxf5 Rxf5 37. Re4+ Ka5 38. Rde3 Rg5+ 39.
Kh2 1-0

[Event "Championnat de la Loire Open 2007-2008"]
[Site "Loire"]
[Date "2008.01.12"]
[Round "2.11"]
[White "Chambosse, Alexis"]
[Black "Swietlicki, Jordan"]
[Result "0-1"]
[WhiteElo "1440"]
[BlackElo "1199"]
[PlyCount "72"]

1. e4 e5 2. Nf3 d6 3. d4 exd4 4. Nxd4 Nf6 5. Bd3 Be7 6. Nc3 Bd7 7. Bf4 Nc6 8.
Nxc6 Bxc6 9. O-O O-O 10. e5 dxe5 11. Bxe5 Bd6 12. Bxd6 Qxd6 13. Qc1 Ng4 14. g3
Qf6 15. Be4 g5 16. Bxc6 bxc6 17. Ne4 Qh6 18. Kg2 Qxh2+ 19. Kf3 Ne5+ 20. Ke2
Qh5+ 21. Kd2 f5 22. Rh1 Nc4+ 23. Ke1 Qe8 24. Qxg5+ Kh8 25. Kf1 Qxe4 26. Rh4 f4
27. Re1 Nd2+ 28. Kg1 Qxe1+ 29. Kg2 Qe4+ 30. Kg1 Nf3+ 31. Kf1 Nxg5 32. gxf4 Rxf4
33. Rxf4 Qxf4 34. Kg1 Nf3+ 35. Kg2 Qg4+ 36. Kh1 Qg1# 0-1

[Event "Championnat de la Loire Open 2007-2008"]
[Site "Loire"]
[Date "2008.01.12"]
[Round "2.12"]
[White "Choquelle, Jean"]
[Black "Rogues, Jean-Luc"]
[Result "0-1"]
[WhiteElo "1180"]
[BlackElo "1390"]
[PlyCount "74"]

1. c4 e5 2. e4 Nf6 3. Nc3 Bc5 4. h3 O-O 5. Nf3 d6 6. Be2 b6 7. d3 Nc6 8. Be3
Nd4 9. Bxd4 exd4 10. Nd5 Be6 11. O-O Bxd5 12. cxd5 a5 13. a4 Qd7 14. Qb3 Nh5
15. g4 Nf4 16. Kh2 Nxe2 17. e5 Nf4 18. Rae1 Rfe8 19. Re4 Ng6 20. Qc2 Nxe5 21.
Qe2 Nxf3+ 22. Qxf3 Rxe4 23. Qxe4 Re8 24. Qf3 Qxa4 25. Rg1 Qd7 26. g5 Qe7 27. g6
fxg6 28. Rg4 Qe5+ 29. Kg2 Qxd5 30. Qe4 Rxe4 31. dxe4 Qe6 32. f3 d5 33. Rg5 dxe4
34. f4 e3 35. Re5 Qxe5 36. fxe5 Kf7 37. Kf3 Ke6 0-1

[Event "Championnat de la Loire Open 2007-2008"]
[Site "Loire"]
[Date "2008.02.16"]
[Round "3.1"]
[White "Megnot, Philippe"]
[Black "Furnon, Yannick"]
[Result "0-1"]
[WhiteElo "1550"]
[BlackElo "1650"]
[PlyCount "93"]

1. d4 d5 2. Nf3 Nf6 3. Bg5 Ne4 4. Bh4 c6 5. Nbd2 Qb6 6. Nb3 Bf5 7. e3 e6 8. a3
Bd6 9. Be2 Nd7 10. O-O O-O 11. Nfd2 Rac8 12. c4 Nxd2 13. c5 Bxc5 14. Nxd2 Bd6
15. b4 a5 16. bxa5 Qxa5 17. a4 Qc7 18. Bg3 Bxg3 19. fxg3 b6 20. Nb3 c5 21. dxc5
bxc5 22. Bb5 c4 23. Nd4 Bg6 24. Ra2 Ne5 25. h3 Ra8 26. Qa1 Ra5 27. Nxe6 fxe6
28. Rxf8+ Kxf8 29. Qf1+ Qf7 30. Qc1 Qa7 31. Qc3 Nd3 32. Ra1 Qxe3+ 33. Kh2 Qa7
34. Rf1+ Kg8 35. Qa3 Qc5 36. Qc3 Ra7 37. Rb1 Qc7 38. Ra1 Ra5 39. Rf1 Ra7 40.
Qa3 Qc5 41. Qc3 Ra8 42. Bd7 Qd6 43. Bb5 Nc5 44. Qb4 Ne4 45. Qe1 c3 46. Qc1 Nxg3
47. Kg1 0-1

[Event "Championnat de la Loire Open 2007-2008"]
[Site "Loire"]
[Date "2008.02.16"]
[Round "3.2"]
[White "Perez, Christian"]
[Black "Gregoire, Patrick"]
[Result "1/2-1/2"]
[WhiteElo "1520"]
[BlackElo "1590"]
[PlyCount "78"]

1. e4 e6 2. d4 d5 3. Nd2 c5 4. c3 Qb6 5. Ngf3 Nc6 6. exd5 exd5 7. Nb3 Nf6 8.
Be2 c4 9. Nbd2 Bd6 10. O-O Qc7 11. Re1 O-O 12. Nf1 Re8 13. Bg5 Ne4 14. Be3 Bg4
15. N3d2 Bf5 16. Nxe4 Bxe4 17. Ng3 Bxg3 18. fxg3 Ne7 19. Bf4 Qd7 20. Bf3 f5 21.
Bh5 g6 22. Bf3 Nc6 23. Qd2 a5 24. Bh6 Re6 25. Qg5 Rae8 26. Kf2 Nd8 27. Qd2 Nf7
28. Bf4 b5 29. h4 Qe7 30. Bxe4 dxe4 31. Qe3 b4 32. Rac1 Qb7 33. Re2 a4 34. Rcc2
Ra8 35. a3 b3 36. Rcd2 Qd5 37. Rd1 Rd8 38. Rdd2 Rd7 39. Rd1 Rd8 $11 1/2-1/2

[Event "Championnat de la Loire Open 2007-2008"]
[Site "Loire"]
[Date "2008.02.16"]
[Round "3.3"]
[White "Bednar, Emile"]
[Black "Martin, Julien"]
[Result "0-1"]
[WhiteElo "1860"]
[BlackElo "1380"]
[PlyCount "78"]

1. e4 e5 2. f4 d6 3. Nf3 Nc6 4. Bc4 Qe7 5. d3 Na5 6. Bb3 Nxb3 7. axb3 f6 8. Be3
b6 9. c4 Qd7 10. fxe5 dxe5 11. O-O Ne7 12. Nc3 Nc6 13. Qe2 Bc5 14. Nd5 Bxe3+
15. Qxe3 Ne7 16. h3 Bb7 17. Nh4 Bxd5 18. cxd5 Qb5 19. d4 exd4 20. Qxd4 Qc5 21.
Qxc5 bxc5 22. Rfc1 O-O 23. Rxc5 Rfc8 24. Ra6 h6 25. g4 g5 26. Nf3 Ng6 27. Rcc6
Nf4 28. Rxf6 Rab8 29. Ne5 Rxb3 30. Ng6 Nxh3+ 31. Kf1 Re8 32. e5 Rxb2 33. Rxa7
h5 34. Rxc7 hxg4 35. e6 g3 36. Rff7 g2+ 37. Ke1 g1=Q+ 38. Rf1 Qe3+ 39. Kd1 Qd2#
0-1

[Event "Championnat de la Loire Open 2007-2008"]
[Site "Loire"]
[Date "2008.02.16"]
[Round "3.4"]
[White "Joly, Christian"]
[Black "Carrot, Axel"]
[Result "0-1"]
[WhiteElo "1610"]
[BlackElo "1500"]
[PlyCount "36"]

1. e4 e5 2. Nf3 Nc6 3. d4 exd4 4. Bc4 Bc5 5. O-O d6 6. c3 dxc3 7. Nxc3 Bg4 8.
Bxf7+ Kxf7 9. Ng5+ Qxg5 10. Qb3+ Be6 11. Qxe6+ Kxe6 12. Bxg5 Nf6 13. Nb5 Bb6
14. Rfe1 Nd4 15. Nxd4+ Bxd4 16. Rab1 Rhf8 17. h3 Ke5 18. Kh1 Bxf2 0-1

[Event "Championnat de la Loire Open 2007-2008"]
[Site "Loire"]
[Date "2008.02.16"]
[Round "3.5"]
[White "Daillere, Roland"]
[Black "Trottet, Francois"]
[Result "1-0"]
[WhiteElo "1300"]
[BlackElo "1520"]
[PlyCount "33"]

1. e4 c5 2. Nf3 d6 3. d4 cxd4 4. Nxd4 Nf6 5. Nc3 a6 6. g3 g6 7. Bg2 Nc6 8. O-O
Bg7 9. Nxc6 bxc6 10. e5 Nd5 11. Nxd5 cxd5 12. Bxd5 Rb8 13. exd6 exd6 14. Re1+
Kf8 15. Qf3 Qc7 16. Bf4 h6 17. Bxd6+ 1-0

[Event "Championnat de la Loire Open 2007-2008"]
[Site "Loire"]
[Date "2008.02.16"]
[Round "3.6"]
[White "Swietlicki, Jordan"]
[Black "Volay, Pascal"]
[Result "0-1"]
[WhiteElo "1280"]
[BlackElo "1450"]
[PlyCount "102"]

1. e4 e5 2. d3 Nc6 3. Nc3 Bb4 4. Bd2 Bxc3 5. Bxc3 Nf6 6. Nf3 d6 7. Be2 O-O 8.
O-O h6 9. b4 a6 10. h3 b5 11. d4 Nxe4 12. Qd3 Nxc3 13. Qxc3 Nxd4 14. Nxd4 exd4
15. Qxd4 Re8 16. Bf3 Rb8 17. Bc6 Bd7 18. Bd5 Be6 19. Bb3 Bxb3 20. axb3 Ra8 21.
c4 Qb8 22. c5 dxc5 23. Qxc5 Qb6 24. f4 Qxc5+ 25. bxc5 Re3 26. b4 Rb3 27. Rab1
Rxb1 28. Rxb1 Kf8 29. Re1 a5 30. Ra1 a4 31. c6 Ke7 32. Kf2 Kd6 33. Ke3 Kxc6 34.
Kd4 Kd6 35. f5 g6 36. g4 gxf5 37. gxf5 a3 38. Ke4 c5 39. bxc5+ Kxc5 40. Kd3 b4
41. Kc2 Kc4 42. Rb1 a2 43. Ra1 b3+ 44. Kb2 f6 45. h4 h5 46. Rc1+ Kb4 47. Ra1
Ra4 48. Rf1 a1=Q+ 49. Rxa1 Rxa1 50. Kxa1 Kc3 51. Kb1 b2 0-1